|
|
|
|
| LEADER |
00000nas a22000007a 4500 |
| 001 |
ssj0027009 |
| 003 |
WaSeSS |
| 005 |
20200512172242.0 |
| 006 |
m d |
| 007 |
cr n |
| 008 |
900213d19901992ksubr p s 0 a0eng d |
| 010 |
|
|
|a sn 90003568
|
| 022 |
|
|
|l 1048-8782
|y 1048-8782
|
| 032 |
|
|
|a 784200
|b USPS
|
| 035 |
|
|
|a (WaSeSS)ssj0027009
|
| 037 |
|
|
|b Mercury Pub., 2012 Northern, Wichita, KS 67216
|
| 040 |
|
|
|a NSDP
|b eng
|c NSDP
|d EbpS
|d NST
|d OCoLC
|d WaSeSS
|
| 042 |
|
|
|a nsdp
|a msc
|
| 082 |
1 |
0 |
|a 338
|2 11
|
| 210 |
0 |
|
|a Wichita commer.
|
| 222 |
|
0 |
|a Wichita commerce
|
| 245 |
0 |
0 |
|a Wichita commerce
|h [electronic resource] :
|b the magazine of the Chamber.
|
| 260 |
|
|
|a [Wichita, Kan. :
|b Mercury Pub.,
|c 1990]-
|
| 310 |
|
|
|a Bimonthly
|
| 362 |
0 |
|
|a Inaugural issue (Jan.-Feb. 1990)-
|
| 362 |
1 |
|
|a Ceased in Jan. 1992.
|
| 500 |
|
|
|a Title from cover.
|
| 506 |
|
|
|a License restrictions may limit access.
|
| 550 |
|
|
|a Issued by: Wichita Area Chamber of Commerce.
|
| 655 |
|
0 |
|a Electronic journals.
|
| 710 |
2 |
|
|a Wichita Area Chamber of Commerce.
|
| 780 |
0 |
0 |
|t Wichita business
|x 0199-0454
|w (DLC)sn 79007944
|
| 850 |
|
|
|a KU-S
|
| 856 |
4 |
0 |
|z Full text available from Research Library: 03/01/1985 to 09/30/1990
|u https://search.proquest.com/publication/31699
|